000 00815nam a2200253Ia 4500
003 OSt
005 20220926015434.0
006 a|||||r|||| 00| 0
007 ta
008 220923b |||||||| |||| 00| 0 eng d
020 _a0333633903
_c5375.95
037 _b2783, 29/03/2005, TBS
_cGeneral Book
040 _aRTL
_cRTL
_beng
041 _2eng
_aeng
082 _aX6xM83:g, P3
100 _aAmbrosi Gerhard Michael
_9322278
245 0 _aKeynes, Pigou and cambridge Keyensians Authenticit
260 _aNew York
_bPalgrave Macmillan
_c2003
300 _axii,491p
_ccm.
500 _aBibliography P 467-480
650 _aEconomics Classics John Maynard Keynes
_9289019
942 _hX6xM83:g, P3
_cGB
_2CC
999 _c631538
_d631538